| 000 -LEADER |
| fixed length control field |
01490cam a2200397 a 4500 |
| 001 - CONTROL NUMBER |
| control field |
10252909 |
| 003 - CONTROL NUMBER IDENTIFIER |
| control field |
USPCAS-E |
| 005 - DATE AND TIME OF LATEST TRANSACTION |
| control field |
20180118181416.0 |
| 006 - FIXED-LENGTH DATA ELEMENTS--ADDITIONAL MATERIAL CHARACTERISTICS |
| fixed length control field |
m u |
| 007 - PHYSICAL DESCRIPTION FIXED FIELD--GENERAL INFORMATION |
| fixed length control field |
cr cn||||||||| |
| 008 - FIXED-LENGTH DATA ELEMENTS--GENERAL INFORMATION |
| fixed length control field |
120713s2012 gw a sb 001 0 eng d |
| 020 ## - INTERNATIONAL STANDARD BOOK NUMBER |
| Canceled/invalid ISBN |
9783527328697 |
| 020 ## - INTERNATIONAL STANDARD BOOK NUMBER |
| Canceled/invalid ISBN |
9783527640089 (e-book) |
| 035 ## - SYSTEM CONTROL NUMBER |
| System control number |
(CaPaEBR)ebr10575560 |
| 035 ## - SYSTEM CONTROL NUMBER |
| System control number |
(NNC)10252909 |
| 040 ## - CATALOGING SOURCE |
| Original cataloging agency |
CaPaEBR |
| Transcribing agency |
CaPaEBR |
| 050 14 - LIBRARY OF CONGRESS CALL NUMBER |
| Classification number |
TJ165 |
| Item number |
.E44 2012eb |
| 082 ## - DEWEY DECIMAL CLASSIFICATION NUMBER |
| Edition number |
23 |
| Classification number |
621.3126 |
| Author Mark |
ELE 2012 |
| 245 00 - TITLE STATEMENT |
| Title |
Electrochemical technologies for energy storage and conversion. |
| Number of part/section of a work |
Volume 1 |
| Medium |
[electronic resource] / |
| Statement of responsibility, etc. |
edited by Ru-Shi Liu ... [et al.]. |
| 260 ## - PUBLICATION, DISTRIBUTION, ETC. |
| Place of publication, distribution, etc. |
Weinheim, Germany : |
| Name of publisher, distributor, etc. |
Wiley-VCH, |
| Date of publication, distribution, etc. |
2012. |
| 300 ## - PHYSICAL DESCRIPTION |
| Extent |
xxiv, 791 p. : |
| Other physical details |
ill. |
| 490 1# - SERIES STATEMENT |
| Series statement |
Electrochemical technologies for energy storage and conversion ; |
| Volume/sequential designation |
v. 1 |
| 502 ## - DISSERTATION NOTE |
| Dissertation note |
. |
| 504 ## - BIBLIOGRAPHY, ETC. NOTE |
| Bibliography, etc. note |
Includes bibliographical references and index. |
| 533 ## - REPRODUCTION NOTE |
| Type of reproduction |
Electronic reproduction. |
| Place of reproduction |
Palo Alto, Calif. : |
| Agency responsible for reproduction |
ebrary, |
| Date of reproduction |
2013. |
| Note about reproduction |
Available via World Wide Web. |
| -- |
Access may be limited to ebrary affiliated libraries. |
| 650 #0 - SUBJECT ADDED ENTRY--TOPICAL TERM |
| Topical term or geographic name entry element |
Energy storage. |
| 650 #0 - SUBJECT ADDED ENTRY--TOPICAL TERM |
| Topical term or geographic name entry element |
Energy conversion. |
| 650 #0 - SUBJECT ADDED ENTRY--TOPICAL TERM |
| Topical term or geographic name entry element |
Electrochemistry. |
| 655 #7 - INDEX TERM--GENRE/FORM |
| Genre/form data or focus term |
Electronic books. |
| Source of term |
local |
| 700 1# - ADDED ENTRY--PERSONAL NAME |
| Personal name |
Liu, Ru-Shi. |
| 710 2# - ADDED ENTRY--CORPORATE NAME |
| Corporate name or jurisdiction name as entry element |
ebrary, Inc. |
| 830 #0 - SERIES ADDED ENTRY--UNIFORM TITLE |
| Uniform title |
Electrochemical technologies for energy storage and conversion ; |
| Volume/sequential designation |
v. 1. |
| 856 40 - ELECTRONIC LOCATION AND ACCESS |
| Uniform Resource Identifier |
<a href="http://www.columbia.edu/cgi-bin/cul/resolve?clio10252909">http://www.columbia.edu/cgi-bin/cul/resolve?clio10252909</a> |
| Public note |
Click here for full text. |
| 942 ## - ADDED ENTRY ELEMENTS (KOHA) |
| Source of classification or shelving scheme |
|
| Koha item type |
Book |